Anionic synthesis of trialkoxysilyl-functionalized polymers (Record no. 54295)

MARC details
000 -LEADER
fixed length control field 00527nam a2200181Ia 4500
100 ## - MAIN ENTRY--AUTHOR NAME
Personal name Quirl Roderic P
245 #0 - TITLE STATEMENT
Title Anionic synthesis of trialkoxysilyl-functionalized polymers
260 ## - PUBLICATION, DISTRIBUTION, ETC. (IMPRINT)
Name of publisher Rubber Chemistry and Technology
Year of publication 2008
300 ## - PHYSICAL DESCRIPTION
Number of Pages 77-95
500 ## - GENERAL NOTE
General note Source Year: 2008
650 ## - SUBJECT ADDED ENTRY--TOPICAL TERM
Topical Term General functionalization methodology
700 ## - ADDED ENTRY--PERSONAL NAME
Personal name King Rebecca L
700 ## - ADDED ENTRY--PERSONAL NAME
Personal name Ocampo Manuela
700 ## - ADDED ENTRY--PERSONAL NAME
Personal name Polce Michael J
700 ## - ADDED ENTRY--PERSONAL NAME
Personal name Wesdemiotis Chrys
942 ## - ADDED ENTRY ELEMENTS (KOHA)
Koha item type Journals
Holdings
Withdrawn status Lost status Damaged status Not for loan Home library Current library Shelving location Date acquired Serial Enumeration / chronology Koha item type
      Journals RRII Library RRII Library Rubber technology 17/09/2008 Volume 81, Issue 1 Journals